Champions of Bosnia and Herzegovina - Statistics

General Stats
  • This quiz has been taken 46 times
  • The average score is 24 of 28
Answer Stats
Season Teams % Correct
2019-20 FK Sarajevo
100%
2018-19 FK Sarajevo
100%
2014-15 FK Sarajevo
100%
2006-07 FK Sarajevo
100%
1998-99 FK Sarajevo
100%
2020-21 FK Borac Banja Luka
97%
2010-11 FK Borac Banja Luka
97%
2012-13 FK Željezničar Sarajevo
97%
2011-12 FK Željezničar Sarajevo
97%
2009-10 FK Željezničar Sarajevo
97%
2001-02 FK Željezničar Sarajevo
97%
2000-01 FK Željezničar Sarajevo
97%
1997-98 FK Željezničar Sarajevo
97%
2021-22 HŠK Zrinjski Mostar
94%
2017-18 HŠK Zrinjski Mostar
94%
2016-17 HŠK Zrinjski Mostar
94%
2015-16 HŠK Zrinjski Mostar
94%
2013-14 HŠK Zrinjski Mostar
94%
2008-09 HŠK Zrinjski Mostar
94%
2004-05 HŠK Zrinjski Mostar
94%
2005-06 NK Široki Brijeg
71%
2003-04 NK Široki Brijeg
71%
1996-97 NK Čelik Zenica
63%
1995-96 NK Čelik Zenica
63%
1994-95 NK Čelik Zenica
63%
2002-03 FK Leotar Trebinje
49%
2007-08 FK Modriča Maxima
46%
1999-00 NK Brotnjo Čitluk
20%
No matching quizzes found
Score Distribution
Percent of People with Each Score
Percentile by Number Answered
Your Score History
You have not taken this quiz